Kvalita papierenského priemyslu na Slovensku je postavená na tradíciách
Výroba papiera na Slovensku od 1530 v Levoči. Vplyv celulozovopapiernického priemyslu na rozvoj komunikácie, kultúry a logistických procesov. Charakteristika tohto priemyslu na Slovensku, výroba v ČR a SR v r.1989-1993, priemerné svetové ceny papiera v r.1969-1993. Faktory, ktoré negatívne ovplyvňuj...
Salvato in:
| Autore principale: | |
|---|---|
| Altri autori: | |
| Natura: | Capitolo di libro |
| Lingua: | slovacco |
| Soggetti: | |
| Tags: |
Nessun Tag, puoi essere il primo ad aggiungerne!!
|
MARC
| LEADER | 00000naa a2200000 4500 | ||
|---|---|---|---|
| 001 | r015525 | ||
| 005 | 20221205091145.6 | ||
| 041 | 0 | |a slo | |
| 044 | |a SK | ||
| 245 | 1 | 0 | |a Kvalita papierenského priemyslu na Slovensku je postavená na tradíciách |c František Okruhlica, J. Klandúch |
| 520 | |a Výroba papiera na Slovensku od 1530 v Levoči. Vplyv celulozovopapiernického priemyslu na rozvoj komunikácie, kultúry a logistických procesov. Charakteristika tohto priemyslu na Slovensku, výroba v ČR a SR v r.1989-1993, priemerné svetové ceny papiera v r.1969-1993. Faktory, ktoré negatívne ovplyvňujú rozvoj.Rozvojové a modernizačné akcie odvetvia. | ||
| 610 | 2 | 0 | |a priemysel papiernický |
| 610 | 2 | 0 | |a Slovensko |
| 610 | 2 | 0 | |a vývoz |
| 610 | 2 | 0 | |a ceny |
| 610 | 2 | 0 | |a produkcia |
| 610 | 2 | 0 | |a údaje štatistické |
| 610 | 2 | 0 | |a 1989-1994 |
| 610 | 2 | 0 | |a modernizácia |
| 100 | 1 | |a Okruhlica, František | |
| 700 | 1 | |a Klandúch, J. | |